| 000 | 00732nam a2200217 a 4500 | ||
|---|---|---|---|
| 001 | 000040769 | ||
| 005 | 20201002034351.0 | ||
| 008 | 130906s2011 sp a 001 0 spa d | ||
| 020 | _a9788483227428 | ||
| 040 |
_aDO-SdBNP _bspa _cBNPHU |
||
| 082 |
_axxxx _bxxxx |
||
| 100 | 1 |
_aMacionis, John J. _945040 |
|
| 245 | 1 | 0 |
_aSociología. / _cJohn J. Macionis, Ken Plummer; traducción, Cristina Flesher Fominaya, Javier Calvo Martín. |
| 250 | _a4ta. ed. | ||
| 260 |
_aMadrid, España : _bPearson educación, _c2011. |
||
| 300 |
_a816 p. : _bil. ; _c25 cm. |
||
| 504 | _aBibliografía p: 789-809 | ||
| 700 | 1 |
_aPlummer, Ken _943618 |
|
| 700 | 1 |
_aFlesher Fominaya, Cristina _etrad. _967177 |
|
| 700 | 1 |
_aCalvo Martín, Javier _etrad. _967178 |
|
| 999 |
_c40259 _d40259 |
||